000 00702nam a2200289Ia 4500
005 20260324124038.0
008 008 260324s9999 xx 000 0 eng d
020 _a9780203815809
037 _aEBOOK
040 _aCRL
040 _beng
040 _cCRL
041 _2eng
041 _aeng
084 _qCRL
100 _aMonika Fludernik; Michael Burke
_91172635
245 0 _aBeyond Cognitive Metaphor Theory
245 0 _bPerspectives on Literary Metaphor
260 _bTaylor and Francis
260 _c2011
365 _a
365 _b255
856 _uhttp://www.taylorfrancis.com/books/9780203815809
942 _cEBOOK
999 _c1766686
_d1766686